00556nam a22001457a 4500082001200000100004700012245009000059260004200149300000800191520003800199650005900237942001000296999001300306952009100319 a542 SAF aSafty in Microbiological laboratories..... aTraining Seminar on Safty in Microbiological laboratories,a need in the new millenium aColombobInstitute of chemistryc2002 a27p aTraining Seminar February 22,2002 aseminar reportsasafty in microbiological laboratories cSEMNR c867d867 0010708NFICaICbICcREFd2015-06-02l0o542 SAFp004576r2015-06-02 00:00:00ySEMNR